000
00231nmm a2200097Ia 4500
008
220120s9999||||xx |||||||||||||||||und||
082
_a
00 5.133 GOO
100
_a
Goodman, Danny
_9
2791
245
0
_a
Java script bible
260
_c
2000
999
_c
138994
_d
138994